संत-साहित्य की समझ / (Record no. 119321)

MARC details
000 -LEADER
fixed length control field 01238nam a22002657a 4500
005 - DATE AND TIME OF LATEST TRANSACTION
control field 20170124103132.0
010 ## - LIBRARY OF CONGRESS CONTROL NUMBER
LC control number B-057286
020 ## - INTERNATIONAL STANDARD BOOK NUMBER
Terms of availability 400.00
International Standard Book Number 8186116621
035 ## - SYSTEM CONTROL NUMBER
System control number B-057286
037 ## - SOURCE OF ACQUISITION
Source of stock number/acquisition Cen Lib/Ret
040 ## - CATALOGING SOURCE
Original cataloging agency DPL
Language of cataloging HN
082 ## - DEWEY DECIMAL CLASSIFICATION NUMBER
Classification number 821.08
Item number पाण्डेय
100 ## - MAIN ENTRY--PERSONAL NAME
Personal name पाण्डेय, नन्दकिशोर
9 (RLIN) 44529
245 ## - TITLE STATEMENT
Title संत-साहित्य की समझ /
Statement of responsibility, etc नन्दकिशोर पाण्डेय
246 ## - VARYING FORM OF TITLE
Title proper/short title Sant-sahitya ki samajh /
Remainder of title by Nand Kishore Pandey
260 ## - PUBLICATION, DISTRIBUTION, ETC. (IMPRINT)
Place of publication, distribution, etc जयपुर
Name of publisher, distributor, etc रचना प्रकाशन
Date of publication, distribution, etc 2001
270 ## - ADDRESS
Address 57, नाटाणी भवन, चाँदपोल बाज़ार
City जयपुर
Postal code 302001
300 ## - PHYSICAL DESCRIPTION
Extent vi, 305पृ.
Dimensions 21सेमी (सजिल्द)
Other physical details
500 ## - GENERAL NOTE
General note संदर्भ सूची शामिल
650 ## - SUBJECT ADDED ENTRY--TOPICAL TERM
Topical term or geographic name as entry element साहित्य--संत साहित्य
9 (RLIN) 84352
650 ## - SUBJECT ADDED ENTRY--TOPICAL TERM
Topical term or geographic name as entry element पारम्परिक सौन्दर्य--संत साहित्य
9 (RLIN) 84353
650 ## - SUBJECT ADDED ENTRY--TOPICAL TERM
Topical term or geographic name as entry element Literature--Saint Literature
9 (RLIN) 84354
650 ## - SUBJECT ADDED ENTRY--TOPICAL TERM
Topical term or geographic name as entry element Traditional Beauty--Saint Literature
9 (RLIN) 84355
942 ## - ADDED ENTRY ELEMENTS (KOHA)
Source of classification or shelving scheme Dewey Decimal Classification
Koha item type Hindi Books
Classification part 821.08
Call number suffix पाण्डेय
Holdings
Withdrawn status Lost status Damaged status Not for loan Home library Current library Date acquired Source of acquisition Cost, normal purchase price Total Checkouts Full call number Barcode Date last seen Date checked out Copy number Cost, replacement price Price effective from Koha item type
        Central Library Central Library 16/09/2015 Cen Lib/Ret 400.00 1 821.08 पाण्डेय B-057286 27/01/2018 13/01/2018 1 400.00 16/09/2015 Hindi Books

© Delhi Public Library
Hit Counter
free hit counter